COMMON LISP. 1.,2 : The reference : Obs. Vol.1:, 1-427 p.. Vol.2:, 428-899 p
Salvato in:
| Natura: | Libro |
|---|---|
| Lingua: | inglese |
| Pubblicazione: |
Reading :
Addison-Wesley,
1988
|
| Tags: |
Nessun Tag, puoi essere il primo ad aggiungerne!!
|
MARC
| LEADER | 00000nam a22000003a 4500 | ||
|---|---|---|---|
| 001 | stu3393 | ||
| 005 | 20201020160524.1 | ||
| 008 | 930324s1988----xxu-----------------eng-d | ||
| 040 | |a STU |b slo | ||
| 041 | 0 | |a eng | |
| 044 | |a xxu | ||
| 080 | |a 681.32.06 | ||
| 080 | |a LISP | ||
| 080 | |a 519.682 | ||
| 245 | |a COMMON LISP. 1.,2 : |b The reference : Obs. Vol.1:, 1-427 p.. Vol.2:, 428-899 p | ||
| 260 | |a Reading : |b Addison-Wesley, |c 1988 | ||
| 300 | |a 2. vol | ||
| 996 | |c I*16PJ3984 |l I |s A |a 24 |w stu3393_0001 | ||
| 996 | |c I*3985 |l II680 |s A |a 24 |w stu3393_0002 | ||